MARC

LEADER 00000nam0a2200000 4500
001 50512
005 20231031033139.0
035 |a (RuTPU)RU\TPU\book\52892 
090 |a 50512 
100 |a 20030417d1966 km y0rusy50 ca 
101 0 |a rus 
102 |a RU 
105 |a a z 001zy 
200 1 |a Тепловыделяющие элементы атомных реакторов  |f А. С. Займовский, В. В. Калашников, И. С. Головин 
205 |a 2-е изд., перераб. и доп. 
210 |a Москва  |c Атомиздат  |d 1966 
215 |a 520 с.  |c ил. 
320 |a Библиогр. в конце гл. 
451 1 |0 (RuTPU)RU\TPU\book\65834  |t Тепловыделяющие элементы атомных реакторов  |f А. С. Займовский, В. В. Калашников, И. С. Головин  |c Москва  |n Госатомиздат  |d 1962  |p 369 с.  |a Займовский, Александр Семенович 
610 1 |a ядерные реакторы 
610 1 |a тепловыделяющие элементы 
610 1 |a атомная энергетика 
610 1 |a топливо 
610 1 |a конструкционные материалы 
610 1 |a теплоносители 
610 1 |a плутоний 
610 1 |a торий 
610 1 |a уран 
610 1 |a расчеты 
675 |a 621.039.54  |v 3 
700 1 |a Займовский  |b А. С.  |g Александр Семенович 
701 1 |a Калашников  |b В. В.  |g Вячеслав Вячеславович 
701 1 |a Головин  |b И. С.  |g Игорь Стефанович 
801 1 |a RU  |b 63413507  |c 20030417  |g PSBO 
801 2 |a RU  |b 63413507  |c 20210902  |g PSBO 
900 |a Материалы ядерных установок 
900 |a Материалы ядерных реакторов 
900 |a Материалы ядерных энергетических установок 
900 |a Инженерные расчеты и проектирование ядерных энергетических установок 
900 |a Оптимизация параметров и характеристик ядерных реакторов 
900 |a Специальные материалы ядерных энергетических установок 
942 |c BK